Isaiah Vol. 1: (Record no. 7249)

MARC details
000 -LEADER
fixed length control field 00472nam a22001697a 4500
003 - CONTROL NUMBER IDENTIFIER
control field GBCCL
005 - DATE AND TIME OF LATEST TRANSACTION
control field 20241126110623.0
008 - FIXED-LENGTH DATA ELEMENTS--GENERAL INFORMATION
fixed length control field 180719b ||||| |||| 00| 0 eng d
040 ## - CATALOGING SOURCE
Transcribing agency gbc
082 ## - DEWEY DECIMAL CLASSIFICATION NUMBER
Classification number 224.1
Item number MCG
100 ## - MAIN ENTRY--PERSONAL NAME
Personal name McGee, J. Vernon
9 (RLIN) 10893
245 ## - TITLE STATEMENT
Title Isaiah Vol. 1:
Remainder of title Chapters 1-35 /
Statement of responsibility, etc. J. Vernon McGee
260 ## - PUBLICATION, DISTRIBUTION, ETC.
Name of publisher, distributor, etc. Thru the Bible Books,
Place of publication, distribution, etc. California:
Date of publication, distribution, etc. 1978
300 ## - PHYSICAL DESCRIPTION
Extent 222 p.;
Dimensions 20 cm.
650 ## - SUBJECT ADDED ENTRY--TOPICAL TERM
Topical term or geographic name entry element Bible
Form subdivision Old Testament
General subdivision Isaiah
9 (RLIN) 7582
942 ## - ADDED ENTRY ELEMENTS (KOHA)
Source of classification or shelving scheme Dewey Decimal Classification
Koha item type Books
Koha issues (borrowed), all copies 5
Holdings
Withdrawn status Lost status Source of classification or shelving scheme Damaged status Not for loan Home library Current Library Shelving location Date acquired Total checkouts Full call number Barcode Date last seen Date last checked out Copy number Price effective from Koha item type
    Dewey Decimal Classification     GRACE BIBLE COLLEGE GRACE BIBLE COLLEGE Biblical Studies 2018-07-19 5 224.1 MCG 002172 2025-05-01 2024-09-18 v.1 2018-07-19 Books
© Grace Bible College Library 2025